000 01511cam a2200289 4500
008 031008n2003 000 0 eng u
020 _a0406965080
035 _a(Sirsi) u123866
041 _aeng
050 _a690.02642
_c18
245 _aConstruction and engineering law
_ba guide for project managers
260 _aLondon
_bLexisNexis Butterworths
_c2003
300 _axxxi, 314p.
_c24cm.
350 _a40.50
520 _aAimed at project managers in construction and engineering, this practical and concise guide explains key legal topics including: the liability of project managers; extending and limiting liability; project managers' appointments; duties arising under the terms of construction contracts; health and safety issues; professional indemnity insurance; and dispute resolution. Outlines key legislation including the Housing Grants, Construction and Regeneration Act 1996, the Building Act 1984 and the Building Regulations, the Environmental Protection Act 1990 and the Contracts (Rights of Third Parties) Act 1999. Table of cases and bibliography.
650 _aDISPUTE RESOLUTION
_96236
650 _aPROFESSIONAL INDEMNITY INSURANCE
650 _aBUILT ENVIRONMENT-BUILDING CONTRACT FORMS
650 _aHEALTH AND SAFETY
_96244
650 _aPROFESSIONAL LIABILITY
650 _aCONSTRUCTION LAW
650 _aPROJECT MANAGERS
690 _aBUILDING AND CONSTRUCTION-LAW
700 _aMarsden, Sally
_xEditor
700 _aMakepeace, Pauline J.
_xEditor
942 _n0
999 _c103108
_d103108